Water Resources of Pakistan and Their Utilization / (Record no. 234739)
[ view plain ]
| 000 -LEADER | |
|---|---|
| fixed length control field | 00903cam a2200277 a 4500 |
| 001 - CONTROL NUMBER | |
| control field | 4448990 |
| 003 - CONTROL NUMBER IDENTIFIER | |
| control field | Nust |
| 005 - DATE AND TIME OF LATEST TRANSACTION | |
| control field | 20170330113104.0 |
| 008 - FIXED-LENGTH DATA ELEMENTS--GENERAL INFORMATION | |
| fixed length control field | 950302s1993 pk ab 000 0 eng |
| 010 ## - LIBRARY OF CONGRESS CONTROL NUMBER | |
| LC control number | 94930863 |
| 025 ## - OVERSEAS ACQUISITION NUMBER | |
| Overseas acquisition number | P-E-032250 |
| 040 ## - CATALOGING SOURCE | |
| Original cataloging agency | DLC |
| Transcribing agency | DLC |
| 042 ## - AUTHENTICATION CODE | |
| Authentication code | lcode |
| 043 ## - GEOGRAPHIC AREA CODE | |
| Geographic area code | a-pk--- |
| 050 00 - LIBRARY OF CONGRESS CALL NUMBER | |
| Classification number | 331.91009 AHM |
| 082 ## - DEWEY DECIMAL CLASSIFICATION NUMBER | |
| Classification number | 331.91009 AHM |
| 100 1# - MAIN ENTRY--PERSONAL NAME | |
| Personal name | Ahmad, Nazir, |
| Dates associated with a name | 1910 April 13- |
| 245 10 - TITLE STATEMENT | |
| Title | Water Resources of Pakistan and Their Utilization / |
| Remainder of title | by Nazir Ahmad. |
| 260 ## - PUBLICATION, DISTRIBUTION, ETC. | |
| Place of publication, distribution, etc. | Lahore, Pakistan : |
| Name of publisher, distributor, etc. | S. Nazir, |
| Date of publication, distribution, etc. | [1993] |
| 300 ## - PHYSICAL DESCRIPTION | |
| Extent | 1 v. (various paging) : |
| Other physical details | ill. (some col.), maps ; |
| Dimensions | 25 cm. |
| 500 ## - GENERAL NOTE | |
| General note | H.B |
| 650 #0 - SUBJECT ADDED ENTRY--TOPICAL TERM | |
| Topical term or geographic name entry element | Water resources development |
| Geographic subdivision | Pakistan. |
| 906 ## - LOCAL DATA ELEMENT F, LDF (RLIN) | |
| a | 7 |
| b | cbc |
| c | origode |
| d | 3 |
| e | ncip |
| f | 19 |
| g | y-gencatlg |
| 942 ## - ADDED ENTRY ELEMENTS (KOHA) | |
| Source of classification or shelving scheme | |
| Koha item type | Book |
| Call number prefix | 331.91009 AHM |
| Withdrawn status | Lost status | Source of classification or shelving scheme | Damaged status | Not for loan | Collection code | Permanent Location | Current Location | Shelving location | Date acquired | Total Checkouts | Full call number | Barcode | Date last seen | Price effective from | Koha item type |
|---|---|---|---|---|---|---|---|---|---|---|---|---|---|---|---|
| Institute of Environmental Science and Engineering (IESE) | Institute of Environmental Science and Engineering (IESE) | General Stacks | 03/30/2017 | 331.91009 AHM | IESE-457 | 03/30/2017 | 03/30/2017 | Book |
